00574nam a2200181 a 450000100060000000300090000600800410001502000150005604000280007108200160009910000760011524500500019126000290024130000110027065000450028165000440032665000220037015582CO-ViMGA141112s2004 ck r 000 u spa d a9586833046 aCO-ViMGAbspacCO-ViMGA04a350.84 G3731 aKliksberg, Bernardo; Licha, Isabel; Loera, Armando; Mokate, Karen Marie10aLa gerencia en la construcción de lo social aBogotá, cCeja, c2000 a136.p.14aADMINISTRACION DE SERVICIOS COMUNITARIOS14aAmérica LATINA - CONDICIONES SOCIALES14aPolítica SOCIAL